000 01228cam a2200289 i 4500
003 SA-RiAUC
005 20251230082700.0
008 251228s2002 su g 00000 ara c
040 _aSA-RiKSU
_bara
_cSA-RiAUC
_erda
050 4 _b.Q27 2002
082 0 4 _a252.2
_qSA-RiAUC
090 _a252.2
_bق ا س
100 1 _aالقاسم، عبد الحكيم بن عبد الله بن عبد الرحمن
_eمؤلف.
245 1 0 _aسورة الصلاة ترتج بها المساجد والمصليات ولكن!! /
_cتأليف عبد الحكيم بن عبد الله القاسم.
250 _aالطبعة الأولى.
264 1 _aالرياض :
_bمجلة البيان،
_c2002
300 _a79 صفحة ؛
_c24 سم.
336 _aنص
_btxt
_2rdacontent
_3كتاب
337 _aبدون وسيط
_bn
_2rdamedia
338 _aمجلد
_bnc
_2rdacarrier
490 0 _aكتاب المنتدى (المنتدى الإسلامي. مكتب الرياض)
630 2 7 _aالقرآن.
_pسورة الفاتحة
_xتفاسير حديثة
_2aucut
650 7 _aالصلاة (إسلام)
_2aucsh
650 7 _aالوعظ والإرشاد
_2aucsh
942 _2ddc
_cBOOK
_n0
949 _aSA-JeALM
_d251228
_umohamedma123
_n1
999 _c13830
_d13830